Biblioteca de programas y subrutinas Texas 990, Instituto de Matemáticas
Uloženo v:
| Hlavní autoři: | , |
|---|---|
| Médium: | Kniha |
| Jazyk: | španělština |
| Vydáno: |
Valparaíso
Universidad Católica de Valparaíso
1983
|
| Témata: | |
| Tagy: |
Přidat tag
Žádné tagy, Buďte první, kdo vytvoří štítek k tomuto záznamu!
|
MARC
| LEADER | 00000nam a2200000 a 4500 | ||
|---|---|---|---|
| 001 | UCP0755 | ||
| 003 | CL-VaPUC | ||
| 008 | 990319e19830100CL |||||||||||||||||spa|d | ||
| 082 | 0 | 4 | |a 519.7 |b SIL |2 21 |
| 100 | 0 | |a Silva González, Magda |e author |9 426268 | |
| 700 | 0 | |a Silva Molina, Eduardo |e author |9 426269 | |
| 245 | 1 | 0 | |a Biblioteca de programas y subrutinas Texas 990, Instituto de Matemáticas |
| 246 | 1 | 0 | |a Programas y subrutinas desarrolladas por profesores y alumnos del Instituto de Matemáticas |
| 300 | |a 119 p | ||
| 942 | |c BK | ||
| 945 | |d 19990319 00:00:00 |a cmena | ||
| 260 | |a Valparaíso |b Universidad Católica de Valparaíso |c 1983 | ||
| 650 | 0 | |a Programas para computadores |9 260340 | |
| 650 | 0 | |a Estadística matemática |9 260028 | |
| 650 | 0 | |a Software |9 387312 | |
| 583 | |a last modification |c 19990319 00:00:00 |k Rodrigo Vera | ||
| 999 | |c 279502 |d 279500 | ||
| 952 | |0 0 |1 0 |4 0 |6 519_700000000000000_SIL_1983 |7 0 |8 A |9 319047 |a BIBMAT |b BIBMAT |d 2019-11-20 |i 1311999 |o 519.7 SIL 1983 |p 1311999 |r 2025-01-07 |w 2019-11-20 |y BK |k MAT | ||